Datum a čas kvízu

25.5 Celkem bodů Celkový počet nahraných bodů na tomto kvízu bez doplňovacích otázek.
4. Pořadí na kvízu Konečné umístění týmu na tomto kvízu.

Zaznamenané odpovědi

# Otázka Odpověď Body Výsledky
0. Na jednom místě České republik... 0
2. Přes město Lake Worth na Flori... 0
3. Nejlepší českou počítačovou hr... 1
4. Od příštího roku by mohla z te... 0
5. Londýnský Arsenal už zná svého... 1
6. Jak se jmenuje herec, představ... 0.5
7. O kterém pivu tvrdí reklamní s... 0
8. Který alkoholický nápoj je dle... 1
9. "Drsná země, jemná whiskey." T... 0
10. Velkopopovický Kozel je značka... 0